00505nam a2200193 a 4500001001300000003000900013005001700022008004100039020001000080082001400090100001700104245003900121260005000160300000800210500003500218505001700253650002400270700001700294nice12345678IN_TiNIC20260116011655.0050524s1899 lona grp 000 0 eng  ac10000a201bPEA1 aPearson, B R aLife of Christian Frederick Swartz aLondon & MadrasbChristian Lit. Societyc1899 a47p aincludes index and biblioraphy2 aMap of China aChristian-Biography1 aPearson, B R